Logic design as per the new syllabus of VTU for III sem BE, (common to EC/TC/EE/IT/BM/ML) (Record no. 184694)

MARC details
000 -LEADER
fixed length control field 00517nam a2200169Ia 4500
005 - DATE AND TIME OF LATEST TRANSACTION
control field 20250415153807.0
008 - FIXED-LENGTH DATA ELEMENTS--GENERAL INFORMATION
fixed length control field 231217s9999 xx 000 0 und d
020 ## - INTERNATIONAL STANDARD BOOK NUMBER
International Standard Book Number 9788128001864
082 ## - DEWEY DECIMAL CLASSIFICATION NUMBER
Classification number 621.381952 GOP1;3
100 ## - MAIN ENTRY--PERSONAL NAME
Personal name Gopinath, C Y. Vibha Lakshmikantha.
245 #0 - TITLE STATEMENT
Title Logic design as per the new syllabus of VTU for III sem BE, (common to EC/TC/EE/IT/BM/ML)
250 ## - EDITION STATEMENT
Edition statement 1st ed.
260 ## - PUBLICATION, DISTRIBUTION, ETC. (IMPRINT)
Date of publication, distribution, etc. 2007
Name of publisher, distributor, etc. Sapna
Place of publication, distribution, etc. Bangalore
300 ## - PHYSICAL DESCRIPTION
Extent 308
650 ## - SUBJECT ADDED ENTRY--TOPICAL TERM
Topical term or geographic name as entry element Logic,BE,,(common,EC/TC/EE/IT/BM/ML)
942 ## - ADDED ENTRY ELEMENTS (KOHA)
Koha item type Books
Holdings
Date last seen Total Checkouts Full call number Accession number Old discount Uniform Resource Identifier Cost, replacement price Price effective from Category Public note Lost status Damaged status Department Withdrawn status bill no. bill date Permanent Location Current Location Shelving location Entry date Vendor Cost, normal purchase price Grants Currency symbol Conversion rate Discount Discount type
26/01/2024   621.381952 GOP1;3 57333 12 digital/contents/57334.pdf 140.80 26/01/2024 Books SC-ST (1650)     Central Library   SBH/CRB/060125 16/08/2013 Central Library Central Library SC-ST 10/12/2009 Sapna Book House 160.00 SC-ST RS 1 19.2 Rupees
26/01/2024   621.381952 GOP1;4 57334 12 digital/contents/57334.pdf 140.80 26/01/2024 Books SC-ST (1651)     Central Library   SBH/CRB/060125 16/08/2013 Central Library Central Library SC-ST 10/12/2009 Sapna Book House 160.00 SC-ST RS 1 19.2 Rupees

© For any Suggestions or Query, please contact the library staff @ librarian@pes.edu or Phone: +9180 2672 1983/ 2108.